00318pab a2200133 454500008004000000100001700040245003700057260000900094300001200103362000800115650002200123650001900145773002000164180718b1995 xxu||||| |||| 00| 0 eng d aSandhu, H.S. aWhat makes a policeman go wrong? c1995 ap.21-25 aAug aPoliceman - India aPolice - India aC.B.I. Bulletin